000 00924nam a22002657a 4500
005 20111213144546.0
008 111213t xxu||||| |||| 00| 0 eng d
010 _aENG-104321
020 _a9788186208687
_c850.00
035 _aEN -87854
037 _bDBAD/PUB
040 _aDPL
_bEng
082 _a331.310954
100 _936352
_aFiroz Ahmad
245 _aChild labour in India :
_cby Firoz Ahmad
_ba story of endless exploitation /
260 _aNew Delhi
_bRaj Publications
_c2010
270 _a108,4855/24, Ansari Road Daryaganj
_bNew Delhi
_e110002
300 _a343p.
_c22cm(Hb)
500 _aIncludes bibliographical references
610 _936477
650 _936353
700 _936394
942 _2ddc
_cEN
_mFIR
_h331.310954
999 _c59405
_d59405